Statistiques concernant Nommez n'importe quel pays limitrophe

Cliquez ici pour prendre le quiz!

Statistiques générales

  • Ce quiz a été pris 1 343 fois
  • Le résultat moyen est 14 sur 15

Statistiques - réponses

PaysPays limitrophes% Correct
EspagneAndorre | France | Maroc | Portugal
100%
Corée du NordChine | Russie | Corée du Sud
97%
SlovaquieAutriche | République tchèque | Hongrie | Pologne | Ukraine
96%
NigeriaBénin | Cameroun | Tchad | Niger
96%
VenezuelaBrésil | Colombie | Guyana
96%
ÉgypteIsraël | Libye | Soudan
95%
BirmanieBangladesh | Chine | Inde | Laos | Thaïlande
94%
SlovénieAutriche | Croatie | Hongrie | Italie
93%
KirghizistanChine | Kazakhstan | Tadjikistan | Ouzbékistan
93%
NicaraguaCosta Rica | Honduras
93%
GéorgieArménie | Azerbaïdjan | Russie | Turquie
92%
ÉrythréeDjibouti | Éthiopie | Soudan
92%
SomalieDjibouti | Éthiopie | Kenya
90%
HaïtiRépublique dominicaine
87%
MalawiMozambique | Tanzanie | Zambie
81%

Distribution des résultats

Percentile par nombre de réponses

% des personnes avec chaque résultat

Votre développement - résultats

Vous n’avez pas pris ce quiz